00558nam a22001337a 4500008004100000020001500041040005500056080002700111245017900138260003800317300001500355650002500370700002900395230324b |||||||| |||| 00| 0 eng d a0444877037 aNational Science LibrarycNational Science Library aD 681.3:5/6(082.2)bM5 aRole of data in scientific progressc/ Proceedings of the Ninth International CODATA Conference, Jerusalem, Israel, 24-28 June 1984, Israel Academy of Sciences and Humanities aNew York: bNorth-Holland, c1985 axvi, 549p. aInformation services aGlaeser, Phyllis S (Ed.)